MKE Ankaragücü Squad 2023-2024 - Statistics

General Stats
  • This quiz has been taken 12 times
    8 since last reset
  • The average score is 12 of 42
Answer Stats
# Position Nation Player % Correct
- Coach Turkey Emre Belözoğlu
75%
22 FW Gambia Ali Sowe
63%
99 GK Turkey Bahadır Güngördü
63%
18 DF Bosnia and Herzegovina Nihad Mujakić
63%
- Coach Turkey Tolunay Kafkas
63%
25 GK Turkey Ertaç Özbir
50%
8 MF Portugal Pedrinho
50%
26 DF Serbia Uroš Radaković
50%
7 FW Greece Anastasios Chatzigiovanis
38%
6 MF Turkey Cem Türkmen
38%
13 FW Cameroon Christian Bassogog
38%
10 MF Turkey Efkan Bekiroğlu
38%
25 DF France Enock Kwateng
38%
11 FW Cape Verde Garry Rodrigues
38%
80 FW Romania Olimpiu Moruţan
38%
17 MF Italy Riccardo Saponara
38%
19 FW France Alexis Flips
25%
23 MF Turkey Ali Kaan Güneren
25%
3 DF Turkey Alper Uludağ
25%
28 GK Turkey Fatih Demir
25%
5 DF Czech Republic Matěj Hanousek
25%
45 DF Turkey Mert Çetin
25%
1 GK Poland Rafał Gikiewicz
25%
9 FW Bosnia and Herzegovina Riad Bajić
25%
70 DF Greece Stelios Kitsiou
25%
30 MF Turkey Tolga Ciğerci
25%
33 DF Turkey Abdurrahim Dursun
13%
94 FW Turkey Arda Kumru
13%
27 DF Turkey Arda Ünyay
13%
4 DF Turkey Atakan Çankaya
13%
41 GK Turkey Doğukan Kaya
13%
20 MF Austria Enes Tepecik
13%
32 FW Italy Federico Macheda
13%
35 DF Turkey Kazımcan Karataş
13%
95 DF Turkey Mert Can
13%
29 FW Jamaica Renaldo Cephas
13%
21 FW Turkey Sirozhiddin Astanakulov
13%
88 MF Turkey Umut Tarhan
13%
2 DF Turkey Alperen Kuyubaşı
0%
16 MF Bosnia and Herzegovina Andrej Đokanović
0%
77 DF Turkey Hayrullah Bilazer
0%
97 MF Turkey Onur Efe Ekri
0%
No matching quizzes found
Score Distribution
Percent of People with Each Score
Percentile by Number Answered
Your Score History
You have not taken this quiz since the last reset